Die 10 teuersten <20 Bundesliga Spieler - Statistiken

Allgemein
  • Dieses Quiz wurde 50 mal gespielt
  • Das Durchschnittsergebnis liegt bei 6 aus 10
Antwortstatistiken
Mio Hint Antwort % Korrekt
60 Bayern Karl
98%
60 Hamburg Vuskovic
89%
75 Leipzig Diomande
86%
35 Köln El Mala
80%
40 Bayern Bischof
66%
40 Leverkusen Maza
59%
45 Frankfurt Uzun
48%
40 Leverkusen Kofane
34%
35 Freiburg Manzambi
32%
35 Hoffenheim Touré
32%
Keine übereinstimmenden Quizze gefunden
Verteilung der Resultate
Anzahl Personen mit jedem Resultat
Perzentil nach korrekt beantworteten Fragen
Ihre Resultats-Entwicklung
Sie haben dieses Quiz noch nicht gespielt